000 01396nam0a2200349 4500
001 RU\NLR\bibl\1858595
005 20260408152629.0
035 _a(NLR Aleph) 001848511
090 _a2369488
_c2369488
100 _a20120119d1991 u y0rusy50 ca
101 0 _arus
102 _aRU
105 _ay |||||||||
200 1 _aКарабахский вопрос
_eистоки и сущность в документах и фактах
_fВ. А. Товмасян, В. А. Атаджанян, Ю. Б. Нерсисян
210 _aСтепанакерт
_cМаштоц
_d1991
215 _a173, [2] с.
_d19
300 _aНа обл. авт. не указан
320 _aБиблиогр. в тексте
606 _aАзербайджано-армянский конфликт
_jДокументы и материалы
_3RU\NLR\AUTH\6614157
_9913079
686 1 _aТ3(5Аз)74-64(5Ар),011
686 1 _aТ3(5Ар)74-64(5Аз),011
686 1 _aЦ35(2)741,011
700 1 _aТовмасян
_bВ. А.
_gВладимир Айрапетович
_4070
701 1 _aАтаджанян
_bВ. А.
_gВалерий Абгарович
_4070
701 1 _aНерсисян
_bЮ. Б.
_gЮрий Бахшиевич
_4070
801 0 _aRU
_bNLR
_c20120119
_gRCR
801 1 _aRU
_bNLR
_c20120119
830 _aавт. по кн.
942 _cBOOK
980 _aNB